Minecraft Story Mode Characters - Statistics

General Stats
  • This quiz has been taken 24 times
  • The average score is 16 of 34
Answer Stats
Description Answer % Correct
Pig pet with a tragic yet heroic ending Ruben
89%
Main character, with 2 gender variants and customisable skins, and legendary voice actor Jesse
84%
The big back friend who makes the Pig a enderdragon custom Axel
74%
A mercenary who wants to trade a wither skull for a diamond Petra
74%
Guy with a sword, member of the Order of the Stone Gabriel
68%
Guy who summons the giant monster, left the order of the stone Ivor
63%
Main characters friend who loves redstone and has low self-esteem Olivia
63%
Evil massive monster who eats half the world, and has three heads Witherstorm
63%
Blonde guy who starts out as not-so enemy, who later becomes our friend Lucas
58%
Guy with lots of TNT, member of the Order of the Stone Magnus
58%
YouTuber who dresses up like a cat and is easily frighted Stampy Cat
58%
THE DIAMOND MINECART DanTDM
53%
Redstone Nerd, member of the Order of the Stone Ellegaard
53%
Leader of the Ocelots, later Blaze Rods, our first enemy who we defeat in an epic showdown Aiden
47%
Creeper? Aw man. CaptainSparklez
47%
The White Pumpkin, who is a murderer trying to find treasure Cassie Rose
47%
A super computer that brain washes people into doing whatever it demands PAMA
47%
Leader of the Order of the Stone, betrays us later Soren
47%
One of the old builders, wears a purple outfit and wants his hunger games to go on forever Hadrian
42%
The super computers greater, also an ex old-builder Harper
42%
YouTuber who was the White Pumpkins final victim LDShadowlady
42%
Fake legend that keeps the players motivated to keep playing in the games Tim
42%
Sexist pig who thought he was Timmy tough-knuckles TorqueDawg
42%
Big girl who betrays us than helps us then betrays us again then helps us again Emily
37%
The most reasonable of the Old Builders, realises his mistake at the end of the game Otto
37%
YouTuber who only speaks to defend herself, and is very curious Stacy Plays
37%
The eversource, is a chicken that lays spawn eggs Benedict
32%
Founder of Sky city, implements strict no building rules upon their citizens Isa
32%
Leader of a secret build club in Sky City, rebels against the founder Milo
32%
Big boy who we give bread to, to allow our friends to be out of the Nether Facemeat
26%
Funny guy in the Ocelots, later Blaze Rods Gill
26%
Girl in the Ocelots, later Blaze Rods Maya
26%
Right hand woman of the person above Mevia
26%
Bruh Nell
21%
No matching quizzes found
Score Distribution
Percent of People with Each Score
Percentile by Number Answered
Your Score History
You have not taken this quiz